Warrior Cats Tallstar's Revenge Allegiances Quiz Stats

 Plays Quiz not verified by Sporcle

Support Sporcle.
Go Orange.
Score 0/104 Timer 10:00
0 Plays Today
Rank Cat % Correct
LeaderHeatherstar
99%
TunnelerSandgorse
92.3%
QueenPalebird
91.3%
LeaderPinestar
90.4%
Medicine CatHawkheart
89.4%
DeputyReedfeather
87.5%
TunnelerWoollytail
87.5%
Medicine CatGoosefeather
84.6%
LeaderHailstar
84.6%
DeputySunfall
83.7%
QueenMoonflower
83.7%
Moor RunnerDawnstripe
82.7%
WarriorStormtail
82.7%
DeputyShellheart
82.7%
ApprenticeRyepaw
81.7%
LeaderCedarstar
81.7%
Medicine CatSagewhisker
81.7%
Medicine CatBrambleberry
81.7%
WarriorAdderfang
80.8%
QueenBrightflower
79.8%
ApprenticeFeatherpaw
79.8%
WarriorHalftail*
79.8%
ApprenticeStagpaw
78.8%
DeputyStonetooth
78.8%
WarriorBrackenfoot
78.8%
WarriorSmallear
78.8%
WarriorRobinwing
78.8%
ApprenticePatchpaw
78.8%
ElderLarksong
78.8%
LonerRed
78.8%
TunnelerMistmouse
77.9%
WarriorDappletail
77.9%
ApprenticeLeopardpaw
77.9%
WarriorFuzzypelt
77.9%
WarriorWindflight
76.9%
Rank Cat % Correct
QueenPoppydawn
76.9%
ElderMumblefoot
76%
RogueSparrow
76%
WarriorTimberfur
75%
ApprenticeDoepaw
74%
QueenFeatherstorm
74%
ElderWeedwhisker
74%
WarriorMudfur
74%
WarriorBrightsky
74%
WarriorHollyflower
73.1%
WarriorTawnyspots
73.1%
Moor RunnerRedclaw
72.1%
WarriorArcheye
72.1%
ElderSilverflame
72.1%
WarriorFallowtail
72.1%
RogueBess
72.1%
Moor RunnerCloudrunner
71.2%
WarriorLizardstripe
71.2%
RogueAlgernon
71.2%
KittypetJake
71.2%
Moor RunnerHareflight
70.2%
TunnelerHickorynose
70.2%
QueenBrackenwing
70.2%
WarriorDeerleap
69.2%
ApprenticeWhitepaw
69.2%
WarriorOttersplash
69.2%
ElderWhiteberry
68.3%
ElderLilywhisker
68.3%
WarriorBlizzardwing
68.3%
QueenEchomist
68.3%
RogueReena
68.3%
QueenMeadowslip
67.3%
WarriorCrowtail
67.3%
QueenLilystem
67.3%
WarriorRippleclaw
66.3%
Rank Cat % Correct
Moor RunnerAspenfall
65.4%
TunnelerPlumclaw
65.4%
WarriorMudclaw
65.4%
ElderLittlebird
65.4%
ElderLizardfang
65.4%
WarriorLakeshine
64.4%
Moor RunnerAppledawn
63.5%
ElderFlamepelt
63.5%
ApprenticeNewtpaw
63.5%
WarriorToadskip
63.5%
ApprenticeAshpaw
63.5%
QueenPoolcloud
63.5%
WarriorShimmerpelt
63.5%
Moor RunnerLarksplash
62.5%
ElderFlailfoot
62.5%
WarriorNettlespot
62.5%
WarriorPiketooth
62.5%
KittypetQuince
62.5%
ApprenticeFrogpaw
61.5%
WarriorAmberleaf
60.6%
ApprenticeSoftpaw
60.6%
RogueMole
60.6%
LonerJay
60.6%
WarriorMousewing
59.6%
WarriorFinchflight
59.6%
ElderBirdsong
59.6%
LonerNutmeg
58.7%
ElderTroutclaw
57.7%
ElderTanglefur*
57.7%
WarriorOwlfur
56.7%
LonerMarmalade
56.7%
LonerPixie
54.8%
WarriorMarshcloud
53.8%
WarriorMudthorn
51.9%

You're not logged in!

Compare scores with friends on all Sporcle quizzes.
OR
Log In

From the Vault

Where's My Package? Stateside!

by bowsntoys

A postal worker's worst nightmare.
Remove Ads.
Support Sporcle.
Get the best of Sporcle when you Go Orange. This ad-free experience offers more features, more stats, and more fun while also helping to support Sporcle. Thank you for becoming a member.

Show Comments

Extras

Top Quizzes Today


Score Distribution

Your Account Isn't Verified!

In order to create a playlist on Sporcle, you need to verify the email address you used during registration. Go to your Sporcle Settings to finish the process.

Report this User

Report this user for behavior that violates our Community Guidelines.

Details: